000 00565nam a2200229Ia 4500
003 OSt
005 20220912153049.0
006 a|||||r|||| 00| 0
007 ta
008 220909b |||||||| |||| 00| 0 eng d
024 _a22776
037 _cTextual
040 _aCSL
_beng
_cCSL
041 _aeng
082 _aB331, L11
100 _aSell George R
245 0 _aTopological dyanamics and odinary differential equations
260 _c1971
300 _ap.
_ccm.
942 _hB331, L11
_cTEXL
_2CC
999 _c97539
_d97539